Basic blueprint of muscle energetics - action of extract substance of muscle Muscular Dystrophy Association grant : January 1973 - January 1974 : [Correspondence] ; Grant application ; Research project /

Elmentve itt :
Bibliográfiai részletek
Szerző: Szent-Györgyi Albert
Dokumentumtípus: Cikk
Megjelent: 1972-07-27
Kulcsszavak:Kutatási ösztöndíj, Muscular Dystrophy Association, Izom
Online Access:http://misc.bibl.u-szeged.hu/74115
LEADER 00802nab a2200169 i 4500
001 misc74115
005 20241028125923.0
008 241016s1972 hu o 000 eng d
040 |a SZTE Miscellanea Repozitórium  |b hun 
041 |a eng 
100 2 |a Szent-Györgyi Albert 
245 1 0 |a Basic blueprint of muscle energetics - action of extract substance of muscle  |h [elektronikus dokumentum] :  |b Muscular Dystrophy Association grant : January 1973 - January 1974 : [Correspondence] ; Grant application ; Research project /  |c  Szent-Györgyi Albert 
260 |c 1972-07-27 
300 |a 6 
561 |a Szent-Györgyi Albert tudományos és egyéb írásai 
695 |a Kutatási ösztöndíj, Muscular Dystrophy Association, Izom 
856 4 0 |u http://misc.bibl.u-szeged.hu/74115/1/szgya_vegyes_052.pdf  |z Dokumentum-elérés